00765 2200253 4500001002100000005001700021008004100038035002400079082000800103090001800111100004200129245010800171250001100279260003700290300001800327500007500345650001100420700001500431700001400446850001500460985000600475999001500481999001500496YOGYA-0209000002841720090227024230.0 ind  0010-020900000028417 a297 a297bMuh SlT aMUHAMMAD BIN ABDURRAHMAN Al KHUMAYYIS aSyirik dan sebabnyabMuhammad Bin Abdurrahman al Khumayyis; penerjemah Abu Haidar; penyunting Bambang W aCet. 3 aJakartabGema Insani Pressc1996 a47 hlmc19 cm aJudul asli : Bayaan asy Syiriki wa Wasaqiihe Inda Ulama asy Syafiiyati aSyirik aAbu Haidar aBambang W aYOPDYOG(B) a2 a97P0097757 a97P0097758